| 000 | 01391nam a22002657a 4500 | ||
|---|---|---|---|
| 005 | 20170124103144.0 | ||
| 010 | _aB-069663 | ||
| 020 |
_c295.00 _a8126702443 |
||
| 035 | _aB-069663 | ||
| 037 | _bCen Lib/Ret | ||
| 040 |
_aDPL _bHN |
||
| 082 |
_a305.4 _bइक्कीस |
||
| 245 |
_aइक्कीसवीं सदी की ओर / _cसंपादक सुमन कृष्णकांत [और] शीला झुनझुनवाला |
||
| 246 |
_aIkkesvin sadi ki or / _bsampadak Suman Krishnkant [aur] Sheela Jhunjhunwala |
||
| 260 |
_bराजकमल प्रकाशन _c2001 _aनई दिल्ली |
||
| 270 |
_a1-बी, नेताजी सुभाष मार्ग _bनई दिल्ली _e110002 |
||
| 300 |
_a222पृ. _c20सेमी(सजिल्द) |
||
| 650 |
_aइक्कीसवीं सदी -- स्त्रियों के समक्ष चुनौतियाँ _985639 |
||
| 650 |
_aकामकाजी महिलाएँ -- दशा - दिशा _985640 |
||
| 650 |
_aTwenty-first century - challenges faced by women _985641 |
||
| 650 |
_aWorking women - condition - direction _985642 |
||
| 700 |
_aकृष्णकांत, सुमन _985643 |
||
| 700 |
_aझुनझुनवाला, शीला _944829 |
||
| 942 |
_2ddc _cHN _h305.4 _mइक्कीस |
||
| 999 |
_c119574 _d119574 |
||